Michigan vs Wisconsin - Statistics

General Stats
  • This quiz has been taken 2 times
  • The average score is 15 of 20
Answer Stats
Question Answer % Correct
Is part of the rust belt Both
100%
The second letter of the state abbreviation is "I" Both
100%
Borders the most Great Lakes Michigan
100%
Has a larger land area Michigan
100%
Lost the Toledo strip to Ohio Michigan
100%
Has the higher population Michigan
100%
Has the most lighthouses Michigan
100%
Produces the most cheese Wisconsin
100%
Door county is part of it Wisconsin
100%
Has the major city of Green Bay Wisconsin
100%
Has the lower crime rates Wisconsin
100%
Lake Winnebago is a part of it Wisconsin
100%
You can travel South and reach Canada Michigan
50%
Has the the Southernmost point Michigan
50%
Borders lake Ontario Neither
50%
Borders Minnesota Wisconsin
50%
Has Tammy Baldwin and Ron Johnson as Senator Wisconsin
50%
Has the most borders with other states Wisconsin
50%
Owned the upper peninsula in 1848 Michigan
0%
Are likely to call a water fountain a "Bubbler" Wisconsin
0%
No matching quizzes found
Score Distribution
Percent of People with Each Score
Percentile by Number Answered
Your Score History
You have not taken this quiz